000 01064nam a22003377a 4500
001 BR0001257
003 BR-BrBNA
005 20230928100602.0
007 ta
008 230509b bl.||||| |||| 00| 0 por d
040 _aBR-BrBNA
_bpor
_cBiblioteca Nacional de Agricultura
041 _a(Por)
072 _aH20; H10
_b2120
_b0820
_b0332
090 _ 2120 BR0001257
110 1 _aInstituto Biologico, Sao Paulo, SP (Brasil)
_95694
110 1 _aCooperativa dos Cafeicultores da Regiao de Marilia, SP (Brasil)
111 1 _a2. Reuniao Itinerante de Fitossanidade do Instituto Biologico
_cMarilia, SP (Brazil)
_d8-10 Jun 1999
245 1 _aAnais da 2. Reuniao Itinerante de Fitossanidade do Instituto Biologico
260 3 _aMarilia, SP (Brasil):
_c1999.
300 _a115 p.
500 _aSeveral bibliography
650 _aCafe
650 _aMelancia
650 _aAmendoim
650 _aDoenca de Planta
650 _aPraga de Planta
650 _aControle Quimico
650 _aManejo
909 _a202309
_bLucia
_c55
_dLucia Elande
942 _cBK
999 _c61924
_d61924